000 00598nam a2200193Ia 4500
005 20260120132112.0
008 008 260114s9999 xx 000 0 eng d
020 _a9781383016123
037 _aEBOOK
040 _aCRL
_beng
_cCRL
041 _aeng
_2eng
084 _qCRL
100 _aMcCrudden
_9934968
245 0 _aRegulation and Deregulation Policy and Practice in the Utilities and Financial Services Industries
260 _bOxford University PressOxford University Press
_c2023
856 _uhttps://academic.oup.com/book/52555
942 _cEBOOK
999 _c1526891
_d1526891